| 000 | 02892cam a2200493 i 4500 | ||
|---|---|---|---|
| 003 | PHURS | ||
| 005 | 20221125083428.0 | ||
| 008 | 210819t20212021maua o 000 0 eng d | ||
| 040 |
_aEYM _beng _erda _epn _cEYM _dOCLCO _dOCLCF _dJSTOR _dP@U _dOCLCO |
||
| 020 |
_a9781943208272 _qopen access |
||
| 020 |
_a1943208271 _qopen access |
||
| 020 |
_z9781943208265 _qpaperback book |
||
| 050 | 4 | _aF1938.5 | |
| 245 | 0 | 4 |
_aThe border of lights reader : _bbearing witness to genocide in the Dominican Republic / _cedited by Megan Jeanette Myers, Edward Paulino. |
| 264 | 1 |
_aAmherst, Massachusetts : _bAmherst College Press, _c[2021] |
|
| 264 | 4 | _c©2021 | |
| 300 |
_a1 online resource (ix, 336 pages) : _billustrations |
||
| 336 |
_atext _btxt _2rdacontent |
||
| 337 |
_acomputer _bc _2rdamedia |
||
| 338 |
_aonline resource _bcr _2rdacarrier |
||
| 520 | 3 | _aBorder of Lights, a volunteer collective, returns each October to Dominican-Haitian border towns to bear witness to the 1937 Haitian Massacre ordered by Dominican dictator Rafael Leónidas Trujillo. This crime against humanity has never been acknowledged by the Dominican government and no memorial exists for its victims. A multimodal, multi-vocal space for activists, artists, scholars, and others connected to the BOL movement, The Border of Lights Reader provides an alternative to the dominant narrative that positions Dominicans and Haitians as eternal adversaries and ignores cross-border and collaborative histories. This innovative anthology asks large-scale, universal questions regarding historical memory and revisionism that countries around the world grapple with today. | |
| 542 | 1 |
_fThis work is licensed under the Creative Commons Attribution-Non-Commercial 4.0 International License _uhttps://creativecommons.org/licenses/by-nc/4.0 |
|
| 588 | _aDescription based on information from the publisher. | ||
| 590 |
_aJSTOR _bBooks at JSTOR Open Access |
||
| 650 | 0 |
_aGenocide _zHaiti _xHistory _y20th century. |
|
| 650 | 0 | _aDominican-Haitian Conflict, 1937. | |
| 651 | 0 |
_aHaiti _xRelations _zDominican Republic. |
|
| 651 | 0 |
_aDominican Republic _xRelations _zHaiti. |
|
| 650 | 7 | _aHISTORY / General | |
| 650 | 7 | _aGenocide. | |
| 650 | 7 | _aInternational relations. | |
| 651 | 7 | _aDominican Republic. | |
| 651 | 7 | _aHaiti. | |
| 647 | 7 |
_aDominican-Haitian Conflict _d(1937) _2fast _0(OCoLC)fst00896780 |
|
| 655 | 0 | _aElectronic books. | |
| 655 | 4 | _aElectronic books. | |
| 655 | 7 | _aHistory. | |
| 700 | 1 |
_aMyers, Megan Jeanette, _d1988- _eeditor. _0http://id.loc.gov/authorities/names/no2019028088 |
|
| 700 | 1 |
_aPaulino, Edward, _eeditor. _0http://id.loc.gov/authorities/names/n2015066451 |
|
| 710 | 2 |
_aMichigan Publishing (University of Michigan), _epublisher. _0http://id.loc.gov/authorities/names/no2016070860 |
|
| 856 | 4 | 0 | _uhttps://www.jstor.org/stable/10.3998/mpub.12278109 |
| 942 |
_2lcc _cE-BOOK |
||
| 994 |
_a92 _bPHURS |
||
| 999 |
_c57960 _d57960 |
||